[Event "Titled Tuesday intern op 12th May"]
[Site "Chess.com INT"]
[Date "2020.05.12"]
[Round "4"]
[White "Domantas, K."]
[Black "Rocha, Emilio Viera"]
[Result "1-0"]
[WhiteElo "2399"]
[BlackElo "2151"]
[PlyCount "135"]
[EventDate "2020.05.12"]
[EventType "swiss (blitz)"]
[EventRounds "10"]
[EventCountry "USA"]
[SourceTitle "EXT 2021"]
[Source "ChessBase"]
[SourceDate "2020.10.23"]
[SourceVersion "1"]
[SourceVersionDate "2020.10.23"]
[SourceQuality "1"]

1. e4 e5 2. f4 exf4 3. Nf3 d6 4. Nc3 g5 5. Bc4 Bg7 6. d4 c6 7. g3 g4 8. Nh4 f3 9. Be3 Ne7 10. Qd2 b5 11. Bd3 b4 12. Nd1 a5 13. Nf2 h5 14. h3 Ng6 15. Nxg6 fxg6 16. e5 Kf7 17. 0-0-0 d5 18. hxg4 hxg4 19. Bg5 Qe8 20. Qf4+ Kg8 21. Nxg4 Bxg4 22. Qxg4 Ra7 23. Qxf3 b3 24. axb3 a4 25. bxa4 Rxa4 26. c3 Nd7 27. Kc2 Nf8 28. Rxh8+ Bxh8 29. Rh1 Bg7 30. Rf1 Ra7 31. Qg4 Rf7 32. Rxf7 Qxf7 33. Kb1 Ne6 34. Be3 Nf8 35. Kc2 Kh7 36. Qh4+ Kg8 37. Qd8 Qf3 38. Bd2 Qxg3 39. Qc8 Qg2 40. Kc1 Qg1+ 41. Kc2 Qg2 42. Kd1 Qf3+ 43. Be2 Qf5 44. Qxf5 gxf5 45. Bg5 Ne6 46. Be3 Kf7 47. Bh5+ Ke7 48. Ke2 Kd7 49. Kf3 Bf8 50. b3 Ba3 51. c4 Bb2 52. cxd5 cxd5 53. Bg6 Nxd4+ 54. Bxd4 Bxd4 55. Bxf5+ Ke7 56. e6 Bc5 57. Bh3 d4 58. Ke2 Kd6 59. Kd3 Ke5 60. Kc4 Be7 61. b4 Bd6 62. b5 Be7 63. b6 Bd6 64. b7 d3 65. e7 Bxe7 66. b8Q+ Bd6 67. Qe8+ Kf4 68. Kxd3 1-0

[Event "Titled Tuesday intern op 12th May"]
[Site "Chess.com INT"]
[Date "2020.05.12"]
[Round "2"]
[White "Rocha, Emilio Viera"]
[Black "Gerasimenyk, Mihail"]
[Result "1-0"]
[WhiteElo "2156"]
[BlackElo "2133"]
[PlyCount "127"]
[EventDate "2020.05.12"]
[EventType "swiss (blitz)"]
[EventRounds "10"]
[EventCountry "USA"]
[SourceTitle "EXT 2021"]
[Source "ChessBase"]
[SourceDate "2020.10.23"]
[SourceVersion "1"]
[SourceVersionDate "2020.10.23"]
[SourceQuality "1"]

1. c4 e5 2. g3 Nc6 3. Bg2 a6 4. Nc3 Bc5 5. e3 Ba7 6. Nge2 d6 7. d4 Nge7 8. d5 Nb8 9. e4 h5 10. h4 Bg4 11. Qd3 Nd7 12. Be3 Bxe3 13. Qxe3 a5 14. 0-0 f5 15. f3 0-0 16. fxg4 hxg4 17. exf5 Nxf5 18. Qg5 Qxg5 19. hxg5 Ne3 20. Rxf8+ Rxf8 21. Ne4 Nxc4 22. Rc1 Ndb6 23. b3 Ne3 24. Rxc7 Nbxd5 25. Rxb7 Nxg2 26. Kxg2 Ne3+ 27. Kh2 d5 28. Nd6 Rf2+ 29. Kh1 Rxe2 30. g6 Rf2 31. Nf7 Kf8 32. Nxe5 d4 33. Rd7 Nf5 34. Rf7+ Ke8 35. Kg1 Rxa2 36. Rxf5 Ra1+ 37. Kf2 Ra2+ 38. Ke1 Rg2 39. Nxg4 Rxg3 40. Ne5 Ke7 41. Nc6+ Kd6 42. Nxd4 Rxg6 43. Rxa5 Rg4 44. Nf5+ Kc6 45. Kd2 Kb6 46. Re5 g6 47. Ne3 Rg3 48. Kc3 Kc6 49. Kc4 Kb6 50. Re6+ Kc7 51. Nd5+ Kd7 52. Re4 Kd6 53. b4 Rg1 54. Nc3 g5 55. b5 g4 56. Re3 g3 57. Rxg3 Rh1 58. Rg6+ Kc7 59. Nd5+ Kb7 60. b6 Rh5 61. Kc5 Ka6 62. Kc6 Rh1 63. Nc7+ Ka5 64. Rg5+ 1-0

[Event "Titled Tuesday intern op 12th May"]
[Site "Chess.com INT"]
[Date "2020.05.12"]
[Round "1"]
[White "Rocha, Emilio Viera"]
[Black "Kalashian, David"]
[Result "0-1"]
[WhiteElo "2143"]
[BlackElo "2398"]
[PlyCount "50"]
[EventDate "2020.05.12"]
[EventType "swiss (blitz)"]
[EventRounds "10"]
[EventCountry "USA"]
[SourceTitle "EXT 2021"]
[Source "ChessBase"]
[SourceDate "2020.10.23"]
[SourceVersion "1"]
[SourceVersionDate "2020.10.23"]
[SourceQuality "1"]

1. c4 Nf6 2. g3 e6 3. Bg2 d5 4. Nf3 Be7 5. 0-0 0-0 6. d4 dxc4 7. Na3 Bxa3 8. bxa3 c6 9. Ne5 b5 10. Nxc6 Nxc6 11. Bxc6 Rb8 12. Bf4 Rb6 13. Bg2 Bb7 14. Bxb7 Rxb7 15. Rb1 Nd5 16. Bd2 c3 17. Bc1 Qc7 18. Qc2 f5 19. e4 fxe4 20. Qxe4 Rb6 21. Be3 Qc4 22. Rfc1 a5 23. Rb3 b4 24. axb4 axb4 25. a3 Qxb3 0-1

[Event "Titled Tuesday intern op 5th May"]
[Site "Chess.com INT"]
[Date "2020.05.05"]
[Round "5"]
[White "Poobesh Anand, Selvaraj"]
[Black "Rocha, Emilio Viera"]
[Result "0-1"]
[WhiteElo "2389"]
[BlackElo "2267"]
[PlyCount "95"]
[EventDate "2020.05.05"]
[EventType "swiss (blitz)"]
[EventRounds "10"]
[EventCountry "USA"]
[SourceTitle "EXT 2021"]
[Source "ChessBase"]
[SourceDate "2020.10.23"]
[SourceVersion "1"]
[SourceVersionDate "2020.10.23"]
[SourceQuality "1"]

1. e4 e5 2. Nf3 Nc6 3. Bb5 a6 4. Ba4 Nf6 5. 0-0 Be7 6. Re1 b5 7. Bb3 d6 8. d3 Na5 9. Bd2 Nxb3 10. axb3 0-0 11. Nc3 Bb7 12. Ne2 Re8 13. Ng3 g6 14. Be3 Bf8 15. Qd2 d5 16. exd5 Nxd5 17. Bg5 f6 18. Bh6 Bb4 19. c3 Bd6 20. Ne4 Be7 21. h4 Qd7 22. c4 Nb4 23. Qxb4 Bxb4 24. Nxf6+ Kf7 25. Nxd7 Bxe1 26. Ndxe5+ Kg8 27. Rxe1 bxc4 28. bxc4 Rad8 29. Bg5 Rd6 30. c5 Rde6 31. d4 Bxf3 32. gxf3 Rb8 33. d5 Ree8 34. d6 cxd6 35. cxd6 Rb7 36. Kg2 Re6 37. Rd1 Rxe5 38. d7 Rxd7 39. Rxd7 Rb5 40. Rd8+ Kf7 41. Rd2 Kg7 42. f4 Rb7 43. Rd7+ Rxd7 44. Kf3 Rb7 45. Ke4 h6 46. Kd5 hxg5 47. hxg5 Rxb2 48. Ke6 0-1

[Event "Titled Tuesday intern op 5th May"]
[Site "Chess.com INT"]
[Date "2020.05.05"]
[Round "10"]
[White "Rocha, Emilio Viera"]
[Black "Cagara, Paulina"]
[Result "0-1"]
[WhiteElo "2252"]
[BlackElo "2054"]
[PlyCount "30"]
[EventDate "2020.05.05"]
[EventType "swiss (blitz)"]
[EventRounds "10"]
[EventCountry "USA"]
[SourceTitle "EXT 2021"]
[Source "ChessBase"]
[SourceDate "2020.10.23"]
[SourceVersion "1"]
[SourceVersionDate "2020.10.23"]
[SourceQuality "1"]

1. c4 f5 2. g3 Nf6 3. Bg2 g6 4. Nc3 Bg7 5. d3 0-0 6. e3 e5 7. Nge2 d6 8. 0-0 c6 9. b3 Nh5 10. Ba3 f4 11. exf4 exf4 12. f3 fxg3 13. hxg3 Nxg3 14. Nxg3 Bxc3 15. Ne4 Bd4+ 0-1

[Event "Titled Tuesday intern op 5th May"]
[Site "Chess.com INT"]
[Date "2020.05.05"]
[Round "1"]
[White "Rocha, Emilio Viera"]
[Black "Pavlov, Sergey1111"]
[Result "0-1"]
[WhiteElo "2262"]
[BlackElo "2480"]
[PlyCount "72"]
[EventDate "2020.05.05"]
[EventType "swiss (blitz)"]
[EventRounds "10"]
[EventCountry "USA"]
[SourceTitle "EXT 2021"]
[Source "ChessBase"]
[SourceDate "2020.10.23"]
[SourceVersion "1"]
[SourceVersionDate "2020.10.23"]
[SourceQuality "1"]

1. c4 e6 2. g3 d5 3. Bg2 dxc4 4. Na3 Bxa3 5. bxa3 a6 6. Qc2 Ne7 7. Bb2 0-0 8. Qxc4 Nd5 9. Nf3 b5 10. Qc2 Bb7 11. d4 Nd7 12. 0-0 Rc8 13. a4 b4 14. e4 N5f6 15. Ne5 Nxe5 16. dxe5 Nd7 17. Rfd1 Qe7 18. a3 a5 19. axb4 axb4 20. a5 Qc5 21. Qb3 Nxe5 22. Rac1 Qxa5 23. Ra1 Qb5 24. Bf1 Qc6 25. Bxe5 Qxe4 26. f4 Rfd8 27. Ra2 Rxd1 28. Qxd1 Qh1+ 29. Kf2 Qxh2+ 30. Ke3 Qxa2 31. Qd7 Rf8 32. Qxc7 Qb3+ 33. Bd3 Ba6 34. Qd6 Qxd3+ 35. Qxd3 Bxd3 36. Kxd3 Rc8 0-1

[Event "Titled Tuesday intern op 28th Apr"]
[Site "Chess.com INT"]
[Date "2020.04.28"]
[Round "4"]
[White "Joubert, Dantelle"]
[Black "Rocha, Emilio Viera"]
[Result "0-1"]
[WhiteElo "1567"]
[BlackElo "2150"]
[PlyCount "30"]
[EventDate "2020.04.28"]
[EventType "swiss (blitz)"]
[EventRounds "10"]
[EventCountry "USA"]
[SourceTitle "EXT 2021"]
[Source "ChessBase"]
[SourceDate "2020.10.23"]
[SourceVersion "1"]
[SourceVersionDate "2020.10.23"]
[SourceQuality "1"]

1. e4 e5 2. Nf3 Nc6 3. Bb5 a6 4. Ba4 Nf6 5. Qe2 b5 6. Bb3 Be7 7. 0-0 0-0 8. a4 Rb8 9. c3 d6 10. Rd1 Bg4 11. d3 h6 12. Nbd2 Nh7 13. h3 Bh5 14. Nf1 Ng5 15. g4 Nxh3+ 0-1

[Event "Titled Tuesday intern op 21st April"]
[Site "Chess.com INT"]
[Date "2020.04.21"]
[Round "1"]
[White "Rensch, Daniel"]
[Black "Rocha, Emilio Viera"]
[Result "0-1"]
[WhiteElo "2402"]
[BlackElo "2135"]
[PlyCount "52"]
[EventDate "2020.04.21"]
[EventType "swiss (blitz)"]
[EventRounds "10"]
[EventCountry "USA"]
[SourceTitle "EXT 2021"]
[Source "ChessBase"]
[SourceDate "2020.10.23"]
[SourceVersion "1"]
[SourceVersionDate "2020.10.23"]
[SourceQuality "1"]

1. e4 e5 2. Nf3 Nc6 3. d4 exd4 4. Nxd4 Nf6 5. Nxc6 bxc6 6. Bd3 d5 7. e5 Ng4 8. 0-0 Be7 9. Qe2 f6 10. exf6 Nxf6 11. Re1 Kf7 12. Nc3 Re8 13. Bg5 Bg4 14. Qd2 Qd7 15. Qf4 h6 16. Rxe7+ Rxe7 17. Bxf6 gxf6 18. Qxh6 Rg8 19. Qf4 Re5 20. Na4 Qe7 21. Bf1 Bh3 22. Qh6 Bxg2 23. f4 Bh3+ 24. Kf2 Re2+ 25. Bxe2 Rg2+ 26. Kf3 Qxe2# 0-1